000 00605nam a2200229 i 4500
001 C2-0081382
003 PPAK
005 20180727084428.0
008 970429s1953 my |||| ||||| | may d
040 _aPPAK
_beng
_cPPAK
_erda
082 0 4 _a001.543
_223
090 0 0 _a001.543
_bBIN
_dKIH
245 0 0 _aBingkisan sahabat pena
264 1 _a[Pulau Pinang] :
_bA. Ibrahim Khan ,
_c[1953]
300 _a110 pages ;
_c16 cm
336 _2rdacontent
_atext
337 _2rdamedia
_aunmediated
338 _2rdacarrier
_avolume
650 1 0 _aPen pals
700 0 _aBelia Malaya,
_ecompile
942 _ddc
_cB
999 _c14607
_d14607